| 000 | 00891nam a2200217Ia 4500 | ||
|---|---|---|---|
| 999 |
_c43773 _d43773 |
||
| 001 | 10518 | ||
| 003 | GE_BSU | ||
| 005 | 20220919104108.0 | ||
| 008 | 181216s2014ge xx |||||||||||||| ||geo|| | ||
| 020 | _a9789941171536 | ||
| 041 | _ageo | ||
| 080 | _a159.9.01+130.122+165 კ–17 | ||
| 100 |
_aკაკიაშვილი,მარინა. _914619 |
||
| 245 |
_aკოგნიტური ფსიქოლოგია / _cმარინა კაკიაშვილი, რედ. დალი ფარჯანაძე, |
||
| 264 |
_aთბილისი : _bუნივერსალი, _c2014 |
||
| 300 |
_a364 გვ .: _c20 სმ. |
||
| 653 | _aკოგნიტური ფსიქოლოგია | ||
| 653 | _aფსიქოლოგია | ||
| 700 |
_aფარჯანაძე, დალი _eრედაქტორი _913167 |
||
| 942 |
_cBK _2udc |
||